[Event "18. Obert Int. Sant Marti 2016 - B"]
[Site "Barcelona ESP"]
[Date "2016.07.16"]
[Round "4.42"]
[White "Franzoni Ladron, Enric"]
[Black "Ferre Navarro, Joan"]
[Result "1-0"]
[WhiteElo "1811"]
[BlackElo "1591"]
[PlyCount "107"]
[EventDate "2016.07.13"]
[EventType "swiss"]
[EventRounds "9"]
[EventCountry "ESP"]
[SourceTitle "Ajedrez en Madrid"]
[Source "lmi"]
[SourceDate "2016.07.13"]
[SourceVersion "1"]
[SourceVersionDate "2019.06.21"]
[SourceQuality "1"]

1. e4 e5 2. Nf3 Nc6 3. Bc4 Bc5 4. b4 Bxb4 5. c3 Be7 6. d4 exd4 7. cxd4 d6 8.
O-O Nf6 9. Nc3 O-O 10. Ba3 Bg4 11. Be2 a6 12. h3 Bd7 13. Rb1 b5 14. Qd3 Rb8 15.
d5 Na5 16. Qd4 c5 17. dxc6 Nxc6 18. Qe3 b4 19. Bb2 bxc3 20. Bxc3 Rxb1 21. Rxb1
a5 22. Nd2 Be6 23. Nc4 Bxc4 24. Bxc4 Qc7 25. Bb5 Rc8 26. Rc1 Nb4 27. Bd2 Qb7
28. Bc4 d5 29. exd5 Nfxd5 30. Qb3 Rxc4 31. Rxc4 h6 32. a3 a4 33. Qxa4 Nb6 34.
Qe8+ Kh7 35. Bxb4 Nxc4 36. Qxe7 Qd5 37. Qe2 Ne5 38. Qc2+ Qd3 39. Qxd3+ Nxd3 40.
Kf1 g6 41. Ke2 Ne5 42. f4 Nc6 43. Kd3 Kg7 44. Kc4 Kf6 45. Kd5 Nb8 46. Bd6 Na6
47. g4 h5 48. Kc6 Ke6 49. Kb6 Kxd6 50. Kxa6 Kc6 51. f5 hxg4 52. hxg4 gxf5 53.
gxf5 f6 54. a4 1-0

[Event "18. Obert Int. Sant Marti 2016 - B"]
[Site "Barcelona ESP"]
[Date "2016.07.16"]
[Round "4.43"]
[White "Salazar Navas, Josep"]
[Black "Martinez Navarro, Miquel"]
[Result "1-0"]
[WhiteElo "1790"]
[BlackElo "1587"]
[PlyCount "51"]
[EventDate "2016.07.13"]
[EventType "swiss"]
[EventRounds "9"]
[EventCountry "ESP"]
[SourceTitle "Ajedrez en Madrid"]
[Source "lmi"]
[SourceDate "2016.07.13"]
[SourceVersion "1"]
[SourceVersionDate "2019.06.21"]
[SourceQuality "1"]

1. e4 e5 2. Nf3 Nc6 3. d4 exd4 4. c3 dxc3 5. Nxc3 b6 6. Bc4 h6 7. O-O Bb7 8.
Bf4 d6 9. Qb3 Qd7 10. Bd5 g5 11. Bg3 Na5 12. Qc2 Bg7 13. e5 Bxd5 14. Nxd5 O-O-O
15. exd6 c6 16. Rac1 Nf6 17. Ne7+ Kb8 18. b4 Nb7 19. Ne5 Qe6 20. N5xc6+ Ka8 21.
Nxd8 Rxd8 22. Nc6 Rc8 23. Qa4 a5 24. Qb5 Rxc6 25. Rxc6 Nd5 26. Qa6+ 1-0

[Event "18. Obert Int. Sant Marti 2016 - B"]
[Site "Barcelona ESP"]
[Date "2016.07.16"]
[Round "4.44"]
[White "Tsulaia, Mariam"]
[Black "Romero Funieles, Rafael"]
[Result "1/2-1/2"]
[WhiteElo "1588"]
[BlackElo "1774"]
[PlyCount "102"]
[EventDate "2016.07.13"]
[EventType "swiss"]
[EventRounds "9"]
[EventCountry "ESP"]
[SourceTitle "Ajedrez en Madrid"]
[Source "lmi"]
[SourceDate "2016.07.13"]
[SourceVersion "1"]
[SourceVersionDate "2019.06.21"]
[SourceQuality "1"]

1. e4 e6 2. Nf3 c5 3. Be2 Nf6 4. e5 Nd5 5. c4 Nf4 6. O-O Nc6 7. d3 Ng6 8. b3
Ncxe5 9. Bb2 Nxf3+ 10. Bxf3 Nh4 11. Nd2 Rb8 12. Ne4 b6 13. d4 Bb7 14. d5 a5 15.
Re1 Nf5 16. Bg4 Nd6 17. Be5 Nxe4 18. Bxb8 Nxf2 19. Kxf2 Qxb8 20. dxe6 dxe6 21.
h3 Be7 22. Qd3 O-O 23. Kg1 Rd8 24. Qe2 h6 25. Rad1 Bf6 26. Bf3 Bd4+ 27. Kh1 Bc8
28. Qe4 Ba6 29. a4 Qg3 30. Qc6 Rb8 31. Qe4 Bc3 32. Re3 Bd4 33. Red3 Qg5 34. Bg4
Bb7 35. Qe2 e5 36. Bf3 Bc8 37. Bd5 Bd7 38. Rf1 Rf8 39. Rdf3 Be8 40. Qd3 e4 41.
Qxe4 Bf6 42. Qd3 Kh8 43. Rg3 Qe5 44. Re3 Qc7 45. Rfe1 Bd7 46. Qe2 Bg5 47. Re5
Bf6 48. Rh5 Qg3 49. Rf1 Bg5 50. Rf3 Qd6 51. Qf2 f5 1/2-1/2

[Event "18. Obert Int. Sant Marti 2016 - B"]
[Site "Barcelona ESP"]
[Date "2016.07.16"]
[Round "4.45"]
[White "Vicente Soriano, Josep"]
[Black "Riera Mestres, Josep"]
[Result "1-0"]
[WhiteElo "1757"]
[BlackElo "1530"]
[PlyCount "69"]
[EventDate "2016.07.13"]
[EventType "swiss"]
[EventRounds "9"]
[EventCountry "ESP"]
[SourceTitle "Ajedrez en Madrid"]
[Source "lmi"]
[SourceDate "2016.07.13"]
[SourceVersion "1"]
[SourceVersionDate "2019.06.21"]
[SourceQuality "1"]

1. e4 g6 2. d4 d6 3. f4 Bg7 4. Nf3 Bg4 5. Be2 e6 6. O-O Ne7 7. h3 Bxf3 8. Bxf3
c6 9. c3 Nd7 10. Na3 Nb6 11. Be3 O-O 12. Qe2 Qc7 13. Rac1 Qd8 14. Rfd1 d5 15.
c4 dxe4 16. Bxe4 Nd7 17. d5 cxd5 18. cxd5 e5 19. d6 Nf5 20. Bxf5 gxf5 21. Qb5
exf4 22. Bxf4 b6 23. Rc7 Nc5 24. Re7 Bf6 25. Re2 Ne6 26. Qxf5 Nxf4 27. Qxf4 Bg5
28. Qg4 f5 29. Qg3 Rf7 30. h4 Rg7 31. hxg5 Rxg5 32. Qb3+ Kf8 33. Qd5 Rc8 34. d7
Rc5 35. Re8+ 1-0

[Event "18. Obert Int. Sant Marti 2016 - B"]
[Site "Barcelona ESP"]
[Date "2016.07.16"]
[Round "4.46"]
[White "Perez Cuadrado, Eduardo"]
[Black "Castro Estrella, Joan Gabriel"]
[Result "1-0"]
[WhiteElo "1751"]
[BlackElo "1414"]
[PlyCount "99"]
[EventDate "2016.07.13"]
[EventType "swiss"]
[EventRounds "9"]
[EventCountry "ESP"]
[SourceTitle "Ajedrez en Madrid"]
[Source "lmi"]
[SourceDate "2016.07.13"]
[SourceVersion "1"]
[SourceVersionDate "2019.06.21"]
[SourceQuality "1"]

1. e4 e5 2. Nf3 Nc6 3. Bb5 Nf6 4. d3 d6 5. h3 Be7 6. Nc3 O-O 7. a3 Be6 8. Ng5
Bd7 9. Be3 a6 10. Bc4 h6 11. Nf3 b5 12. Ba2 Qc8 13. O-O Bxh3 14. gxh3 Qxh3 15.
Nh2 Nd4 16. Bxd4 exd4 17. Nd5 Nxd5 18. Bxd5 Rac8 19. Qg4 Qxg4+ 20. Nxg4 Kh7 21.
f4 c6 22. Ba2 f5 23. exf5 Rxf5 24. Be6 Rcf8 25. Bxf5+ Rxf5 26. Rae1 Bh4 27. Re6
g5 28. Rxh6+ Kg7 29. fxg5 Rxg5 30. Rxh4 c5 31. b3 d5 32. Kh2 c4 33. b4 Rg6 34.
Ne5 Re6 35. Rg4+ Kh7 36. Kg3 Rd6 37. Rh1+ Rh6 38. Rxh6+ Kxh6 39. Kf4 Kh5 40.
Nc6 Kh6 41. Rg1 Kh5 42. Ke5 Kh4 43. Kf5 Kh3 44. Kf4 Kh2 45. Rg8 Kh3 46. Rg7 Kh2
47. Kf3 Kh1 48. Kf2 c3 49. Na5 Kh2 50. Rh7# 1-0

[Event "18. Obert Int. Sant Marti 2016 - B"]
[Site "Barcelona ESP"]
[Date "2016.07.16"]
[Round "4.47"]
[White "Nunez Romeo, Fausto"]
[Black "Subirana Santos, Marc"]
[Result "1-0"]
[WhiteElo "1545"]
[BlackElo "1706"]
[PlyCount "99"]
[EventDate "2016.07.13"]
[EventType "swiss"]
[EventRounds "9"]
[EventCountry "ESP"]
[SourceTitle "Ajedrez en Madrid"]
[Source "lmi"]
[SourceDate "2016.07.13"]
[SourceVersion "1"]
[SourceVersionDate "2019.06.21"]
[SourceQuality "1"]

1. e4 g6 2. d4 Bg7 3. Nf3 d6 4. Bc4 e6 5. O-O Nd7 6. a3 Ne7 7. Be3 O-O 8. c3 a6
9. Nbd2 b5 10. Ba2 Nb6 11. Bg5 h6 12. Bh4 g5 13. Nxg5 hxg5 14. Bxg5 Qe8 15. f4
Qc6 16. Bxe7 Re8 17. Bg5 Nc4 18. Nxc4 bxc4 19. Qe2 Bb7 20. Rae1 d5 21. e5 Rf8
22. Bb1 f5 23. exf6 Bxf6 24. Bxf6 Rxf6 25. Qg4+ Kf7 26. Re5 Rg8 27. Qh5+ Kf8
28. f5 Qe8 29. Qxe8+ Kxe8 30. fxe6 Rxf1+ 31. Kxf1 Ke7 32. Bf5 c6 33. g4 Bc8 34.
h4 Rf8 35. Kg2 a5 36. Kg3 Ba6 37. a4 Rb8 38. Re2 c5 39. dxc5 d4 40. Rd2 d3 41.
Kf4 Rc8 42. h5 Rxc5 43. h6 Rc8 44. g5 Rf8 45. h7 Bc8 46. Ke5 Bb7 47. g6 Rd8 48.
g7 Rd5+ 49. Kf4 Rd4+ 50. cxd4 1-0

[Event "18. Obert Int. Sant Marti 2016 - B"]
[Site "Barcelona ESP"]
[Date "2016.07.16"]
[Round "4.50"]
[White "Gonzalez Alonso, Marti"]
[Black "Gonzalez Canovas, Sebastia"]
[Result "0-1"]
[WhiteElo "1391"]
[BlackElo "1659"]
[PlyCount "120"]
[EventDate "2016.07.13"]
[EventType "swiss"]
[EventRounds "9"]
[EventCountry "ESP"]
[SourceTitle "Ajedrez en Madrid"]
[Source "lmi"]
[SourceDate "2016.07.13"]
[SourceVersion "1"]
[SourceVersionDate "2019.06.21"]
[SourceQuality "1"]

1. e4 c5 2. Nf3 d6 3. d4 cxd4 4. Nxd4 Nf6 5. Nc3 g6 6. Be3 Bg7 7. f3 Nc6 8. Qd2
a6 9. O-O-O O-O 10. Bc4 Bd7 11. Nd5 Nxd5 12. Nxc6 bxc6 13. exd5 c5 14. Bh6 Qb6
15. Bxg7 Kxg7 16. Rhe1 Rfe8 17. Qc3+ Kg8 18. Re3 Qb4 19. Rde1 Qxc3 20. Rxc3 Bb5
21. Bxb5 axb5 22. Ra3 Rxa3 23. bxa3 Kf8 24. Kb2 f5 25. Kb3 Ra8 26. Re3 Ra4 27.
Kb2 Kf7 28. Rb3 Ra5 29. Re3 Kf6 30. Re6+ Kf7 31. Re3 Ra7 32. Rb3 Ra5 33. Re3 g5
34. Re6 Ra4 35. Rh6 Rd4 36. Rxh7+ Kf6 37. Rh6+ Ke5 38. Re6+ Kxd5 39. Rxe7 Rd2
40. g4 fxg4 41. fxg4 Rxh2 42. Rg7 Rg2 43. Rxg5+ Kd4 44. Rg6 d5 45. g5 Kc4 46.
Rg7 d4 47. a4 bxa4 48. Ra7 Rxg5 49. Rxa4+ Kb5 50. Ra8 Rg2 51. Rd8 Kb4 52. Rb8+
Kc4 53. Rd8 Rg4 54. Rb8 Rg2 55. Rd8 Rd2 56. Kc1 Kc3 57. Ra8 Rxc2+ 58. Kd1 Kd3
59. a4 Ra2 60. Kc1 c4 0-1

[Event "18. Obert Int. Sant Marti 2016 - B"]
[Site "Barcelona ESP"]
[Date "2016.07.16"]
[Round "4.51"]
[White "Moreno Oller, Victor"]
[Black "Cervera Lopez, Miguel"]
[Result "1-0"]
[WhiteElo "1380"]
[BlackElo "1655"]
[PlyCount "123"]
[EventDate "2016.07.13"]
[EventType "swiss"]
[EventRounds "9"]
[EventCountry "ESP"]
[SourceTitle "Ajedrez en Madrid"]
[Source "lmi"]
[SourceDate "2016.07.13"]
[SourceVersion "1"]
[SourceVersionDate "2019.06.21"]
[SourceQuality "1"]

1. Nf3 d5 2. g3 c5 3. Bg2 Nc6 4. O-O Bf5 5. d3 Qd7 6. Re1 O-O-O 7. a3 h6 8. b4
Bh3 9. b5 Bxg2 10. bxc6 Qxc6 11. Kxg2 d4 12. e4 g5 13. Ne5 Qe6 14. Qg4 Qxg4 15.
Nxg4 f6 16. h3 h5 17. Nh2 Nh6 18. a4 e5 19. Nd2 Nf7 20. Ba3 b6 21. Rab1 Kc7 22.
a5 Ra8 23. Ra1 b5 24. Nb3 b4 25. Bc1 a6 26. f4 gxf4 27. gxf4 Rg8+ 28. Kf2 Bd6
29. f5 Rg7 30. Bd2 Kc6 31. Rg1 Rh7 32. Rg6 Be7 33. Rag1 Kb5 34. Rg7 Rxg7 35.
Rxg7 Rf8 36. Nf3 c4 37. dxc4+ Kxc4 38. Nh4 d3 39. Ng6 Rd8 40. Rxf7 dxc2 41.
Rxe7 Kxb3 42. Bc1 Rd1 43. Be3 c1=Q 44. Bxc1 Rxc1 45. Rb7 Ka3 46. Nxe5 fxe5 47.
f6 Rc8 48. Kg3 b3 49. Kh4 b2 50. Kg5 Ka2 51. Kf5 b1=Q 52. Rxb1 Kxb1 53. Kxe5
Kc2 54. Kd6 Kd3 55. e5 Kd4 56. e6 Rd8+ 57. Ke7 Ke5 58. Kxd8 Kxe6 59. Kc7 Kxf6
60. Kb6 Ke6 61. Kxa6 Kd6 62. Kb7 1-0

[Event "18. Obert Int. Sant Marti 2016 - B"]
[Site "Barcelona ESP"]
[Date "2016.07.16"]
[Round "4.52"]
[White "Pascual Gonzalez-Novelles, David"]
[Black "Bernat Mor, Juli"]
[Result "1-0"]
[WhiteElo "1650"]
[BlackElo "1239"]
[PlyCount "43"]
[EventDate "2016.07.13"]
[EventType "swiss"]
[EventRounds "9"]
[EventCountry "ESP"]
[SourceTitle "Ajedrez en Madrid"]
[Source "lmi"]
[SourceDate "2016.07.13"]
[SourceVersion "1"]
[SourceVersionDate "2019.06.21"]
[SourceQuality "1"]

1. e4 c6 2. Nc3 d5 3. d4 dxe4 4. Nxe4 Bf5 5. Ng3 Bg6 6. Nf3 Nd7 7. Bc4 e6 8.
O-O Ngf6 9. c3 Be7 10. Ne5 Nxe5 11. dxe5 Nd5 12. f4 f5 13. exf6 Bxf6 14. f5
exf5 15. Qe2+ Kf8 16. Nxf5 Qd7 17. Nd4 Re8 18. Qf2 h5 19. Bg5 Qf7 20. Bxd5 cxd5
21. Bxf6 Bd3 22. Bxg7+ 1-0

[Event "18. Obert Int. Sant Marti 2016 - B"]
[Site "Barcelona ESP"]
[Date "2016.07.16"]
[Round "4.53"]
[White "Antequera Garcia, Luis"]
[Black "Serentill Tost, Eduard"]
[Result "0-1"]
[WhiteElo "1333"]
[BlackElo "1650"]
[PlyCount "92"]
[EventDate "2016.07.13"]
[EventType "swiss"]
[EventRounds "9"]
[EventCountry "ESP"]
[SourceTitle "Ajedrez en Madrid"]
[Source "lmi"]
[SourceDate "2016.07.13"]
[SourceVersion "1"]
[SourceVersionDate "2019.06.21"]
[SourceQuality "1"]

1. e4 e6 2. d4 d5 3. Nc3 Nf6 4. Nf3 Bb4 5. e5 Ne4 6. Bd2 Nxd2 7. Qxd2 c5 8. a3
Ba5 9. Qd3 Qb6 10. b4 cxb4 11. axb4 Bxb4 12. Be2 Qc6 13. O-O Bxc3 14. Rab1 Ba5
15. Qe3 O-O 16. Rfc1 Qe8 17. Bd3 Bd8 18. c4 f5 19. cxd5 Bb6 20. d6 Bd7 21. Qf4
Nc6 22. Qh4 Nd8 23. Ng5 h6 24. Nf3 Qg6 25. Qe7 Rf7 26. Qh4 Nc6 27. Bc4 Qg4 28.
d5 Qxh4 29. Nxh4 Nd8 30. dxe6 Bxe6 31. Bb5 Rc8 32. Rd1 Nc6 33. Ng6 Rd8 34. Rd3
f4 35. Rbd1 Bf5 36. Nxf4 Bxd3 37. e6 Rxf4 38. Bxd3 Kf8 39. Bg6 Rd4 40. e7+ Nxe7
41. dxe7+ Kxe7 42. Re1+ Kf6 43. Bh5 Rd2 44. Rf1 Rb2 45. h3 Rdd2 46. Bf3 Rxf2
0-1

[Event "18. Obert Int. Sant Marti 2016 - B"]
[Site "Barcelona ESP"]
[Date "2016.07.16"]
[Round "4.54"]
[White "Romero Gamez, Francisco Javier"]
[Black "Moya Nunez, Salvador"]
[Result "1/2-1/2"]
[WhiteElo "1649"]
[BlackElo "1175"]
[PlyCount "99"]
[EventDate "2016.07.13"]
[EventType "swiss"]
[EventRounds "9"]
[EventCountry "ESP"]
[SourceTitle "Ajedrez en Madrid"]
[Source "lmi"]
[SourceDate "2016.07.13"]
[SourceVersion "1"]
[SourceVersionDate "2019.06.21"]
[SourceQuality "1"]

1. e4 c5 2. Nf3 e6 3. d3 Nc6 4. g3 Nge7 5. Bg2 d5 6. exd5 exd5 7. O-O g6 8. c3
Bg7 9. Re1 O-O 10. Bg5 h6 11. Bxe7 Nxe7 12. Na3 Nc6 13. Nc2 b6 14. d4 cxd4 15.
Nfxd4 Nxd4 16. Nxd4 Bb7 17. Qd2 Qd7 18. Rad1 Rad8 19. Nc2 Qc7 20. Nb4 d4 21.
cxd4 Bxg2 22. Kxg2 Rxd4 23. Qc3 Qxc3 24. bxc3 Rxd1 25. Rxd1 Bxc3 26. Nd5 Be5
27. f4 Bb8 28. Ne7+ Kg7 29. Nc6 Rc8 30. Nxb8 Rxb8 31. Rd7 a5 32. Kf3 Kf6 33.
Ke4 Ke6 34. Rc7 Rd8 35. Rc6+ Rd6 36. Rc3 b5 37. Rc5 f5+ 38. Ke3 Rd5 39. Rc2 b4
40. Rc6+ Rd6 41. Rc5 Rd5 42. Rc6+ Kf7 43. Rc7+ Kf6 44. Rc6+ Kf7 45. Rc7+ Ke6
46. Rc6+ Rd6 47. Rc5 Rd5 48. Rc6+ Kd7 49. Rxg6 Rd6 50. Rg8 1/2-1/2

[Event "18. Obert Int. Sant Marti 2016 - B"]
[Site "Barcelona ESP"]
[Date "2016.07.16"]
[Round "4.56"]
[White "Martos Amiguet, Valentina"]
[Black "Febrero Perez, Lluis"]
[Result "1-0"]
[WhiteElo "1312"]
[BlackElo "1642"]
[PlyCount "65"]
[EventDate "2016.07.13"]
[EventType "swiss"]
[EventRounds "9"]
[EventCountry "ESP"]
[SourceTitle "Ajedrez en Madrid"]
[Source "lmi"]
[SourceDate "2016.07.13"]
[SourceVersion "1"]
[SourceVersionDate "2019.06.21"]
[SourceQuality "1"]

1. e4 e5 2. d4 exd4 3. c3 Nf6 4. e5 Qe7 5. Nf3 dxc3 6. Nxc3 d6 7. Bf4 Bg4 8.
Be2 dxe5 9. Nxe5 Nbd7 10. Nxg4 Nxg4 11. O-O Ngf6 12. Bc4 O-O-O 13. Qc2 Qc5 14.
Bxf7 g5 15. Be3 Qe5 16. Rfe1 Ng4 17. g3 Qf6 18. Nd5 Qd6 19. Bxa7 Nde5 20. Nb6+
Qxb6 21. Bxb6 Nf3+ 22. Kg2 Nxe1+ 23. Rxe1 Bd6 24. Be6+ Kb8 25. Bxg4 cxb6 26.
Rd1 h5 27. Bf3 g4 28. Be4 h4 29. Qb3 h3+ 30. Kf1 Rhf8 31. Qxb6 Rf7 32. Rxd6
Rfd7 33. Qxd8+ 1-0

[Event "18. Obert Int. Sant Marti 2016 - B"]
[Site "Barcelona ESP"]
[Date "2016.07.16"]
[Round "4.60"]
[White "Minko, Aleksandr"]
[Black "Palomero Galvez, Antonio"]
[Result "0-1"]
[WhiteElo "1145"]
[BlackElo "1593"]
[PlyCount "92"]
[EventDate "2016.07.13"]
[EventType "swiss"]
[EventRounds "9"]
[EventCountry "ESP"]
[SourceTitle "Ajedrez en Madrid"]
[Source "lmi"]
[SourceDate "2016.07.13"]
[SourceVersion "1"]
[SourceVersionDate "2019.06.21"]
[SourceQuality "1"]

1. e4 c5 2. Nf3 d6 3. d4 cxd4 4. Nxd4 Nf6 5. Nc3 g6 6. Bb5+ Nbd7 7. O-O a6 8.
Ba4 Bg7 9. Bf4 e5 10. Nde2 exf4 11. Nxf4 O-O 12. Qxd6 Qb6 13. Qxb6 Nxb6 14. e5
Ng4 15. Nd3 Nxe5 16. Nc5 Nxa4 17. N3xa4 Nc4 18. Nd3 Bf5 19. Rab1 Nd2 20. Nb6
Rad8 21. Rbd1 Nxf1 22. Kxf1 Bxd3+ 23. cxd3 Bxb2 24. Nc4 Bg7 25. h4 Rd4 26. g3
Rfd8 27. Nb2 Rb4 28. Nc4 Rxc4 29. Ke2 Rc2+ 30. Ke1 Rxa2 31. f4 Rh2 32. d4 Rh1+
33. Ke2 Rh2+ 34. Ke1 Re8+ 35. Kf1 Rh1+ 36. Kg2 Rxd1 37. Kh3 Ree1 38. Kg4 Rg1
39. d5 h5+ 40. Kh3 Rd3 41. d6 Rgxg3+ 42. Kh2 Rge3 43. Kg2 Rd2+ 44. Kf1 Ra3 45.
Ke1 Bc3 46. d7 Ra1# 0-1

[Event "18. Obert Int. Sant Marti 2016 - B"]
[Site "Barcelona ESP"]
[Date "2016.07.16"]
[Round "4.61"]
[White "Gomez Parla, Josep"]
[Black "Minko, Uliana"]
[Result "1-0"]
[WhiteElo "1876"]
[BlackElo "1251"]
[PlyCount "63"]
[EventDate "2016.07.13"]
[EventType "swiss"]
[EventRounds "9"]
[EventCountry "ESP"]
[SourceTitle "Ajedrez en Madrid"]
[Source "lmi"]
[SourceDate "2016.07.13"]
[SourceVersion "1"]
[SourceVersionDate "2019.06.21"]
[SourceQuality "1"]

1. e4 e6 2. d4 d5 3. Nc3 dxe4 4. Nxe4 Bd7 5. Nf3 Bc6 6. Bd3 Nd7 7. O-O Ngf6 8.
Bg5 Be7 9. Nxf6+ Bxf6 10. Be3 O-O 11. c4 a6 12. a4 a5 13. Nd2 b6 14. Ne4 Bb7
15. Qc2 Bxe4 16. Bxe4 Rb8 17. Bxh7+ Kh8 18. Be4 Re8 19. Qe2 g6 20. f4 Kg7 21.
Rf3 Rh8 22. Rg3 Kf8 23. Rd1 Ke7 24. d5 Rh4 25. dxe6 fxe6 26. Bc6 Qh8 27. Rxd7+
Kf8 28. h3 Rd8 29. Qd3 Rxd7 30. Qxd7 Rh7 31. Qe8+ Kg7 32. Rxg6# 1-0

[Event "18. Obert Int. Sant Marti 2016 - B"]
[Site "Barcelona ESP"]
[Date "2016.07.17"]
[Round "5.2"]
[White "Garcia Clemente, Julian Fco."]
[Black "Cardenas, Fernando Adrian"]
[Result "0-1"]
[WhiteElo "1910"]
[BlackElo "1943"]
[PlyCount "58"]
[EventDate "2016.07.13"]
[EventType "swiss"]
[EventRounds "9"]
[EventCountry "ESP"]
[SourceTitle "Ajedrez en Madrid"]
[Source "lmi"]
[SourceDate "2016.07.13"]
[SourceVersion "1"]
[SourceVersionDate "2019.06.21"]
[SourceQuality "1"]

1. d4 d5 2. c4 c6 3. Nc3 e6 4. e4 dxe4 5. Nxe4 Bb4+ 6. Bd2 Qxd4 7. Bxb4 Qxe4+
8. Ne2 Nd7 9. Qd6 a5 10. Bc3 Ne7 11. f3 Qe3 12. Qc7 Nc5 13. Bd4 Nd3+ 14. Kd1
Nf2+ 15. Ke1 Nd3+ 16. Kd1 Qg5 17. h4 Qg6 18. Bb6 Bd7 19. Qxb7 Nxb2+ 20. Ke1
Nd3+ 21. Kd2 Rc8 22. h5 Qf5 23. Nd4 Qf4+ 24. Kxd3 e5 25. Ne2 Bf5+ 26. Kc3 Nd5+
27. Kb3 Qd2 28. Bxa5 Qxa5 29. cxd5 O-O 0-1

[Event "18. Obert Int. Sant Marti 2016 - B"]
[Site "Barcelona ESP"]
[Date "2016.07.17"]
[Round "5.3"]
[White "Flores Mendoza, Jose Antonio"]
[Black "Bieg Pagel, Clemens"]
[Result "0-1"]
[WhiteElo "1877"]
[BlackElo "1866"]
[PlyCount "44"]
[EventDate "2016.07.13"]
[EventType "swiss"]
[EventRounds "9"]
[EventCountry "ESP"]
[SourceTitle "Ajedrez en Madrid"]
[Source "lmi"]
[SourceDate "2016.07.13"]
[SourceVersion "1"]
[SourceVersionDate "2019.06.21"]
[SourceQuality "1"]

1. d4 d5 2. c4 c6 3. Nc3 dxc4 4. e4 b5 5. a4 b4 6. Na2 Nf6 7. f3 e5 8. Bxc4
Qxd4 9. Qb3 Bc5 10. Bxf7+ Ke7 11. Ne2 Qf2+ 12. Kd1 Rd8+ 13. Bd2 Be3 14. Bd5
Bxd2 15. Kxd2 cxd5 16. Qxb4+ Kf7 17. Qb3 Kg6 18. Rae1 dxe4+ 19. Kc1 Nc6 20.
Nac3 Rb8 21. Qc2 Nb4 22. Nf4+ exf4 0-1

[Event "18. Obert Int. Sant Marti 2016 - B"]
[Site "Barcelona ESP"]
[Date "2016.07.17"]
[Round "5.4"]
[White "Alquezar Calpena, Marc"]
[Black "Hinarejos Montano, Andres"]
[Result "1-0"]
[WhiteElo "1792"]
[BlackElo "1620"]
[PlyCount "77"]
[EventDate "2016.07.13"]
[EventType "swiss"]
[EventRounds "9"]
[EventCountry "ESP"]
[SourceTitle "Ajedrez en Madrid"]
[Source "lmi"]
[SourceDate "2016.07.13"]
[SourceVersion "1"]
[SourceVersionDate "2019.06.21"]
[SourceQuality "1"]

1. e4 e5 2. Nf3 d6 3. d4 exd4 4. Nxd4 Be7 5. Bc4 Nf6 6. Nc3 O-O 7. h3 h6 8. O-O
c5 9. Nf3 Nc6 10. Bf4 Be6 11. Bxe6 fxe6 12. Qd2 Kh7 13. Rad1 e5 14. Bg3 Nd4 15.
Nxd4 cxd4 16. Nd5 Nxe4 17. Qd3 g6 18. Qxe4 b6 19. Nxe7 Qxe7 20. Rxd4 Rae8 21.
Rd5 Qc7 22. Qd3 Re6 23. f4 e4 24. Qe2 Qc6 25. Rfd1 Rf5 26. Rxf5 gxf5 27. Bf2 d5
28. Qh5 Rf6 29. Bd4 Rg6 30. Qxf5 Qc7 31. h4 h5 32. Qxh5+ Rh6 33. Qf5+ Kg8 34.
Qxd5+ Kh7 35. Qxe4+ Kg8 36. Qd5+ Kh7 37. Qf5+ Kg8 38. Qg5+ Kh7 39. Re1 1-0

[Event "18. Obert Int. Sant Marti 2016 - B"]
[Site "Barcelona ESP"]
[Date "2016.07.17"]
[Round "5.5"]
[White "Ramal Mata, Rodrigo"]
[Black "Elizondo Marquet, Juan Marcos"]
[Result "1/2-1/2"]
[WhiteElo "1948"]
[BlackElo "1870"]
[PlyCount "157"]
[EventDate "2016.07.13"]
[EventType "swiss"]
[EventRounds "9"]
[EventCountry "ESP"]
[SourceTitle "Ajedrez en Madrid"]
[Source "lmi"]
[SourceDate "2016.07.13"]
[SourceVersion "1"]
[SourceVersionDate "2019.06.21"]
[SourceQuality "1"]

1. d4 d5 2. Bf4 c5 3. e3 Nc6 4. Nf3 Bg4 5. Be2 Qb6 6. Nc3 e6 7. dxc5 Bxc5 8.
Na4 Qa5+ 9. c3 Be7 10. b4 Qd8 11. Bb5 Rc8 12. Qd4 Bxf3 13. gxf3 Bf6 14. Qxa7
Nge7 15. Qxb7 O-O 16. Bxc6 Rxc6 17. Rc1 e5 18. Bg3 d4 19. O-O dxe3 20. Rfd1
exf2+ 21. Bxf2 Rd6 22. Rxd6 Qxd6 23. Bc5 Qd2 24. Rf1 Qg5+ 25. Kh1 h6 26. Qe4
Rd8 27. Rg1 Qh5 28. Qg4 Qxg4 29. Rxg4 Nd5 30. Bb6 Rc8 31. Bc5 Bd8 32. Re4 f6
33. c4 Nf4 34. Nb2 Ne6 35. Be3 Be7 36. c5 Rb8 37. Nd3 Ra8 38. b5 Rxa2 39. b6
Nd8 40. Nb4 Ra1+ 41. Kg2 Rb1 42. Rc4 f5 43. Nd5 Bh4 44. Rxh4 f4 45. Bf2 Nc6 46.
Rh5 Kf7 47. Nc7 Kg6 48. Rh4 h5 49. Ne6 Rb2 50. Nxg7 Kxg7 51. Rxh5 Nb4 52. Rxe5
Nd3 53. c6 Nxf2 54. Re7+ Kf6 55. c7 Ne4+ 56. Kf1 Nd6 57. Rd7 Nc8 58. Rd8 Nxb6
59. Rb8 Rc2 60. Rxb6+ Ke7 61. Rg6 Kd7 62. Rg7+ Kc8 63. Rf7 Rxh2 64. Rxf4 Kxc7
65. Re4 Kd6 66. Re2 Rxe2 67. Kxe2 Ke6 68. Kd3 Kf5 69. Ke3 Ke5 70. f4+ Kf5 71.
Kf3 Kf6 72. Ke4 Ke6 73. f5+ Kf6 74. Kf4 Kf7 75. Ke5 Ke7 76. f6+ Kf7 77. Kf5 Kf8
78. Kg6 Kg8 79. f7+ 1/2-1/2

[Event "18. Obert Int. Sant Marti 2016 - B"]
[Site "Barcelona ESP"]
[Date "2016.07.17"]
[Round "5.6"]
[White "Minguell Soler, Joan"]
[Black "Cano Sevila, Ivan"]
[Result "0-1"]
[WhiteElo "1942"]
[BlackElo "1853"]
[PlyCount "102"]
[EventDate "2016.07.13"]
[EventType "swiss"]
[EventRounds "9"]
[EventCountry "ESP"]
[SourceTitle "Ajedrez en Madrid"]
[Source "lmi"]
[SourceDate "2016.07.13"]
[SourceVersion "1"]
[SourceVersionDate "2019.06.21"]
[SourceQuality "1"]

1. d4 Nf6 2. c4 c5 3. Nf3 cxd4 4. Nxd4 Nc6 5. Nc3 g6 6. g3 Bg7 7. Bg2 O-O 8.
O-O Nxd4 9. Qxd4 d6 10. Rd1 Ng4 11. Qd2 Qb6 12. e3 Be6 13. b3 Ne5 14. Rb1 Bg4
15. Nd5 Qd8 16. Rf1 Nf3+ 17. Bxf3 Bxf3 18. Bb2 Bxb2 19. Qxb2 e5 20. h3 f5 21.
Qd2 Qg5 22. Kh2 Qh5 23. Nc7 Bg4 24. h4 g5 25. Qd5+ Kh8 26. f3 gxh4 27. Kg2 Bh3+
28. Kxh3 hxg3+ 29. Kxg3 Rg8+ 30. Kf2 Qh2+ 31. Ke1 Qxa2 32. Qd3 Qa5+ 33. Kf2
Qxc7 34. Qxf5 Raf8 35. Qe4 Qa5 36. Qc2 Rf7 37. Rg1 Qd8 38. Rxg8+ Qxg8 39. Rg1
Rxf3+ 40. Kxf3 Qxg1 41. Qd2 Qh1+ 42. Kg3 Qh6 43. Kf3 Qh3+ 44. Ke4 Qh1+ 45. Kf5
Qh6 46. Ke4 Qg6+ 47. Kd5 h5 48. Qa5 Qd3+ 49. Ke6 Qg6+ 50. Kd5 h4 51. Qxa7 h3
0-1